Land magnetic and electric observations 1918-1926 (Record no. 280)

MARC details
000 -LEADER
fixed length control field 00498nam a2200169Ia 4500
003 - CONTROL NUMBER IDENTIFIER
control field IN-BaIIA
008 - FIXED-LENGTH DATA ELEMENTS--GENERAL INFORMATION
fixed length control field 211028s9999 xx 000 0 eng d
040 ## - CATALOGING SOURCE
Transcribing agency IIA Library
080 ## - UNIVERSAL DECIMAL CLASSIFICATION NUMBER
Universal Decimal Classification number 550.38
Item number FIS
100 ## - MAIN ENTRY--PERSONAL NAME
Personal name Fisk, H. W.
9 (RLIN) 542
245 #0 - TITLE STATEMENT
Title Land magnetic and electric observations 1918-1926
Remainder of title vol. VI
Statement of responsibility, etc. H. W. Fisk
260 ## - PUBLICATION, DISTRIBUTION, ETC.
Place of publication, distribution, etc. Washington, D C
Name of publisher, distributor, etc. The Carnegie Institution
Date of publication, distribution, etc. 1927
300 ## - PHYSICAL DESCRIPTION
Extent 524p.
650 ## - SUBJECT ADDED ENTRY--TOPICAL TERM
Topical term or geographic name entry element Astronomy and Astrophysics Thesaurus
650 ## - SUBJECT ADDED ENTRY--TOPICAL TERM
Topical term or geographic name entry element Magnetoelectrism
9 (RLIN) 543
942 ## - ADDED ENTRY ELEMENTS (KOHA)
Koha item type Books
Holdings
Withdrawn status Lost status Damaged status Not for loan Home library Current library Shelving location Date acquired Total Checkouts Full call number Barcode Date last seen Price effective from Koha item type
        IIA Library-Bangalore IIA Library-Kodaikanal General Stacks     550.38/ FIS 257 05/11/2021   Books

Powered by Koha